[Event "Titled Tuesday intern op 16th Apr Late"]
[Site "Chess.com INT"]
[Date "2024.04.16"]
[Round "7"]
[White "Playa, Marcelo"]
[Black "Boor, Carl Brandon"]
[Result "0-1"]
[WhiteElo "2376"]
[BlackElo "2231"]
[PlyCount "78"]
[EventDate "2024.04.16"]
[EventType "swiss (blitz)"]
[EventRounds "11"]
[EventCountry "USA"]
[SourceTitle "CB17_2024"]
[SourceDate "2024.04.24"]
[SourceVersion "1"]
[SourceVersionDate "2024.04.24"]
[SourceQuality "1"]

1. e4 e5 2. Nf3 Nf6 3. Nxe5 d6 4. Nxf7 Kxf7 5. Nc3 c5 6. Bc4+ Be6 7. Bxe6+ Kxe6 8. 0-0 Be7 9. f4 Rf8 10. d3 Nc6 11. Be3 Kf7 12. Qf3 Kg8 13. Rae1 Qd7 14. Ne2 Rae8 15. c3 Bd8 16. Ng3 Ng4 17. Nf5 Nxe3 18. Nxe3 Qf7 19. Nd5 Ne7 20. Nxe7+ Bxe7 21. a3 b6 22. Rf2 Bf6 23. Ref1 Qe6 24. Qh5 g6 25. Qd1 c4 26. f5 gxf5 27. Rxf5 cxd3 28. Qxd3 Be5 29. Qh3 Rxf5 30. Rxf5 Bg7 31. Qh5 Qxe4 32. h4 Qe3+ 33. Kh1 Qe1+ 34. Kh2 Qe6 35. Rg5 Kh8 36. g3 Qe2+ 37. Kh3 Qxh5 38. Rxh5 Re2 39. Rd5 Be5 0-1

[Event "Titled Tuesday intern op 25th May"]
[Site "Chess.com INT"]
[Date "2021.05.25"]
[Round "2"]
[White "Garcia, Gabriel Gonzaga"]
[Black "Playa, Marcelo"]
[Result "0-1"]
[WhiteElo "2127"]
[BlackElo "2376"]
[PlyCount "56"]
[EventDate "2021.05.25"]
[EventType "swiss (blitz)"]
[EventRounds "11"]
[EventCountry "USA"]
[SourceTitle "CBM 203 Extra"]
[Source "ChessBase"]
[SourceDate "2021.09.30"]
[SourceVersion "1"]
[SourceVersionDate "2021.09.30"]
[SourceQuality "1"]

1. e4 e6 2. Nf3 d5 3. Nc3 c5 4. d4 cxd4 5. Qxd4 Nc6 6. Bb5 Bd7 7. Bxc6 bxc6 8. exd5 cxd5 9. 0-0 Nf6 10. Ne5 Be7 11. Nxd7 Qxd7 12. Ne2 0-0 13. c3 Rac8 14. Ng3 Rc4 15. Qd3 e5 16. Bg5 h6 17. Bxf6 Bxf6 18. Rad1 Rd8 19. Rfe1 Qc6 20. Nh5 e4 21. Qe3 Be5 22. f3 f5 23. Qxa7 Qg6 24. Ng3 Bc7 25. fxe4 Bb6+ 26. Qxb6 Qxb6+ 27. Kh1 fxe4 28. Nxe4 Rxe4 0-1

[Event "Titled Tuesday intern op 25th May"]
[Site "Chess.com INT"]
[Date "2021.05.25"]
[Round "9"]
[White "Playa, Marcelo"]
[Black "Golizadeh, Asghar"]
[Result "1-0"]
[WhiteElo "2376"]
[BlackElo "2455"]
[PlyCount "55"]
[EventDate "2021.05.25"]
[EventType "swiss (blitz)"]
[EventRounds "11"]
[EventCountry "USA"]
[SourceTitle "CBM 203 Extra"]
[Source "ChessBase"]
[SourceDate "2021.09.30"]
[SourceVersion "1"]
[SourceVersionDate "2021.09.30"]
[SourceQuality "1"]

1. e4 c5 2. Nf3 d6 3. d4 cxd4 4. Nxd4 Nf6 5. Nc3 a6 6. Bg5 Nbd7 7. f4 Qc7 8. Qf3 h6 9. Bh4 g5 10. Bg3 gxf4 11. Bh4 Bg7 12. Nf5 Bf8 13. Qxf4 e6 14. Ne3 Be7 15. 0-0-0 Qa5 16. Nc4 Qc5 17. Nxd6+ Bxd6 18. Qxd6 Qxd6 19. Rxd6 Ke7 20. Rxd7+ Kxd7 21. Bxf6 Rg8 22. g3 b5 23. Be2 Bb7 24. Rd1+ Kc6 25. Bf3 Kb6 26. Bd4+ Ka5 27. a3 Rac8 28. b4# 1-0

[Event "Titled Tuesday intern op 25th May"]
[Site "Chess.com INT"]
[Date "2021.05.25"]
[Round "6"]
[White "Playa, Marcelo"]
[Black "Muzzi, Eduardo"]
[Result "1/2-1/2"]
[WhiteElo "2376"]
[BlackElo "1938"]
[PlyCount "154"]
[EventDate "2021.05.25"]
[EventType "swiss (blitz)"]
[EventRounds "11"]
[EventCountry "USA"]
[SourceTitle "CBM 203 Extra"]
[Source "ChessBase"]
[SourceDate "2021.09.30"]
[SourceVersion "1"]
[SourceVersionDate "2021.09.30"]
[SourceQuality "1"]

1. e4 e6 2. d4 d5 3. Nc3 Bb4 4. e5 c5 5. a3 Bxc3+ 6. bxc3 Qc7 7. Qg4 f5 8. exf6 Nxf6 9. Qg3 Qxg3 10. hxg3 Nc6 11. Nf3 Ne4 12. Bd2 Bd7 13. Bd3 Nxd2 14. Kxd2 cxd4 15. cxd4 h6 16. Bg6+ Ke7 17. c3 Rhf8 18. Rab1 b6 19. Ke3 Rf6 20. Bd3 Raf8 21. Rh4 Be8 22. Rf4 Bg6 23. Bb5 Kd6 24. Bxc6 Bxb1 25. Ba4 Be4 26. Ne5 Rxf4 27. gxf4 Bxg2 28. c4 Bf1 29. c5+ bxc5 30. dxc5+ Ke7 31. c6 Ba6 32. Ng6+ Kf7 33. Nxf8 Kxf8 34. Kd4 Ke7 35. Ke5 h5 36. Bd1 h4 37. Bg4 Bf1 38. Bxe6 d4 39. c7 Ba6 40. Bc4 Bc8 41. Kxd4 h3 42. Bd5 Kd6 43. Be4 Kxc7 44. Ke3 h2 45. Bh1 Bb7 46. f3 Kd6 47. Kf2 Ke6 48. Kg3 Kf5 49. Bg2 g6 50. Bh3+ Kf6 51. Kxh2 Bxf3 52. Kg3 Be4 53. Bg4 Bf5 54. Be2 Be4 55. Kf2 Kf5 56. Ke3 Bb1 57. Bf1 Bc2 58. Bh3+ Kf6 59. Kd4 Bf5 60. Bg2 Bg4 61. Kc5 Kf5 62. Kc6 Kxf4 63. Kb7 Bf3+ 64. Bxf3 Kxf3 65. Kxa7 g5 66. a4 g4 67. a5 g3 68. a6 g2 69. Kb8 g1Q 70. a7 Qb6+ 71. Ka8 Qa6 72. Kb8 Qb5+ 73. Ka8 Qc6+ 74. Kb8 Qe8+ 75. Kb7 Qd7+ 76. Kb8 Qb5+ 77. Ka8 Ke4 1/2-1/2

[Event "Titled Tuesday intern op 23rd Feb"]
[Site "Chess.com INT"]
[Date "2021.02.23"]
[Round "11"]
[White "Balabayeva, Kseniya"]
[Black "Playa, Marcelo"]
[Result "1-0"]
[WhiteElo "2156"]
[BlackElo "2376"]
[PlyCount "135"]
[EventDate "2021.02.23"]
[EventType "swiss (blitz)"]
[EventRounds "11"]
[EventCountry "USA"]
[SourceTitle "CBM 200 Extra"]
[Source "ChessBase"]
[SourceDate "2021.03.31"]
[SourceVersion "1"]
[SourceVersionDate "2021.03.31"]
[SourceQuality "1"]

1. e4 e6 2. d4 d5 3. Nd2 c5 4. exd5 exd5 5. Bb5+ Nc6 6. Qe2+ Be7 7. dxc5 Nf6 8. Ngf3 0-0 9. 0-0 Bxc5 10. Nb3 Bb6 11. Bg5 Bg4 12. c3 h6 13. Bh4 Re8 14. Qd3 a6 15. Bxc6 bxc6 16. Rad1 Qd6 17. c4 g5 18. Bg3 Qe6 19. Rde1 Qf5 20. Qxf5 Bxf5 21. cxd5 cxd5 22. Nfd4 Be4 23. Rd1 Nh5 24. f3 Nxg3 25. hxg3 Bc2 26. Rd2 Bxb3 27. axb3 Re3 28. Kh2 Rae8 29. Nf5 Rxb3 30. Rc1 Re6 31. Rc8+ Kh7 32. g4 Be3 33. Rdc2 Bf4+ 34. g3 Be5 35. Kg2 Bf6 36. Rf8 Kg6 37. Rg8+ Kh7 38. Rf8 Rb7 39. Rd2 Rxb2 40. Rxb2 Bxb2 41. Rxf7+ Kg6 42. Rd7 Re2+ 43. Kf1 Rd2 44. Rd6+ Kf7 45. Rxa6 d4 46. Nxh6+ Ke8 47. Nf5 d3 48. Rd6 Ba3 49. Ke1 Re2+ 50. Kd1 Bxd6 51. Nxd6+ Kd7 52. Ne4 Re3 53. Nxg5 Kd6 54. Kd2 Re2+ 55. Kxd3 Rg2 56. Ne4+ Kd5 57. Ke3 Ra2 58. Kf4 Kd4 59. g5 Ra6 60. g4 Rb6 61. Nf6 Kc5 62. Kf5 Kd6 63. Ne4+ Ke7 64. g6 Rb5+ 65. Kf4 Ke6 66. Kg3 Ke5 67. g5 Rb7 68. Kg4 1-0

[Event "Titled Tuesday intern op 23rd Feb"]
[Site "Chess.com INT"]
[Date "2021.02.23"]
[Round "5"]
[White "Playa, Marcelo"]
[Black "Ikejiri, Daniel Yoshito"]
[Result "1-0"]
[WhiteElo "2376"]
[BlackElo "1961"]
[PlyCount "129"]
[EventDate "2021.02.23"]
[EventType "swiss (blitz)"]
[EventRounds "11"]
[EventCountry "USA"]
[SourceTitle "CBM 200 Extra"]
[Source "ChessBase"]
[SourceDate "2021.03.31"]
[SourceVersion "1"]
[SourceVersionDate "2021.03.31"]
[SourceQuality "1"]

1. e4 c5 2. Nf3 d6 3. d4 cxd4 4. Nxd4 Nf6 5. Nc3 a6 6. Bg5 e6 7. f4 h6 8. Bxf6 Qxf6 9. Qd2 Be7 10. 0-0-0 0-0 11. g4 Bd7 12. h4 Nc6 13. Nxc6 Bxc6 14. g5 hxg5 15. hxg5 Qg6 16. Qh2 f6 17. Bc4 Kf7 18. Bxe6+ Ke8 19. Bf5 Qf7 20. g6 Qc4 21. Qh3 b5 22. Be6 Qc5 23. Bf7+ Kd8 24. Nd5 Bxd5 25. Rxd5 Qc8 26. Be6 Qc6 27. Rhd1 Kc7 28. Qh7 Kb6 29. Qxg7 Rae8 30. Qh6 Bd8 31. f5 Bc7 32. Qe3+ Kb7 33. g7 Rg8 34. Bxg8 Rxg8 35. Qh6 Qd7 36. Qh7 Rxg7 37. Qh2 Qe7 38. Qe2 Rg3 39. Re1 Qg7 40. Kb1 Rg2 41. Qd1 Rg4 42. Rd4 Rg2 43. a4 Qe7 44. axb5 axb5 45. Qd3 Qe5 46. Rd5 Qg3 47. Rxb5+ Kc8 48. Rc1 Qxd3 49. cxd3 Kd8 50. Rb3 Rd2 51. Rbc3 Ba5 52. Ra3 Bb4 53. Rb3 Bc5 54. Rc2 Rd1+ 55. Ka2 Kd7 56. Rb5 Kc6 57. Rb8 Kc7 58. Rf8 Rxd3 59. b4 Kc6 60. bxc5 dxc5 61. Rxf6+ Kb5 62. Re6 Kb4 63. f6 Ra3+ 64. Kb1 Rb3+ 65. Rb2 1-0

[Event "Titled Tuesday intern op 23rd Feb"]
[Site "Chess.com INT"]
[Date "2021.02.23"]
[Round "8"]
[White "Playa, Marcelo"]
[Black "Ptacnikova, Lenka"]
[Result "0-1"]
[WhiteElo "2376"]
[BlackElo "2130"]
[PlyCount "56"]
[EventDate "2021.02.23"]
[EventType "swiss (blitz)"]
[EventRounds "11"]
[EventCountry "USA"]
[SourceTitle "CBM 200 Extra"]
[Source "ChessBase"]
[SourceDate "2021.03.31"]
[SourceVersion "1"]
[SourceVersionDate "2021.03.31"]
[SourceQuality "1"]

1. e4 c5 2. Nf3 e6 3. d4 cxd4 4. Nxd4 Nf6 5. Nc3 Nc6 6. Be3 Bb4 7. f3 d5 8. Nxc6 bxc6 9. exd5 exd5 10. Be2 Qe7 11. Qd2 0-0 12. Kf2 Re8 13. Rhe1 c5 14. Bf1 Be6 15. a3 d4 16. axb4 dxe3+ 17. Rxe3 cxb4 18. Nb5 Nd5 19. Re4 Qc5+ 20. Qd4 Qxc2+ 21. Re2 Qc6 22. Nxa7 Qb7 23. Rc2 Nb6 24. Qxb4 Rxa7 25. Rac1 h6 26. Bb5 Rd8 27. Rc6 Nd5 28. Qc5 Ra5 0-1

[Event "Titled Tuesday intern op 23rd Feb"]
[Site "Chess.com INT"]
[Date "2021.02.23"]
[Round "9"]
[White "Sernecki, Franciszek"]
[Black "Playa, Marcelo"]
[Result "0-1"]
[WhiteElo "2197"]
[BlackElo "2376"]
[PlyCount "110"]
[EventDate "2021.02.23"]
[EventType "swiss (blitz)"]
[EventRounds "11"]
[EventCountry "USA"]
[SourceTitle "CBM 200 Extra"]
[Source "ChessBase"]
[SourceDate "2021.03.31"]
[SourceVersion "1"]
[SourceVersionDate "2021.03.31"]
[SourceQuality "1"]

1. d4 e6 2. c4 Nf6 3. Nc3 Bb4 4. Bd2 0-0 5. Nf3 Bxc3 6. Bxc3 Ne4 7. Qc2 Nxc3 8. Qxc3 b6 9. e4 d5 10. Bd3 dxc4 11. Qxc4 Ba6 12. Qc3 Bxd3 13. Qxd3 c5 14. 0-0 cxd4 15. Qxd4 Nc6 16. Qe3 Qe7 17. Rac1 Rac8 18. Rfd1 Rfd8 19. h3 Rxd1+ 20. Rxd1 Rd8 21. Rxd8+ Qxd8 22. Qc3 Qd7 23. Ne5 Nxe5 24. Qxe5 h6 25. a3 f6 26. Qc3 Qd1+ 27. Kh2 Qd6+ 28. Kg1 Kh7 29. Qc2 Qd4 30. Kh2 Qe5+ 31. Kg1 a5 32. a4 Kg6 33. g3 Qd4 34. Kg2 f5 35. exf5+ exf5 36. Qc6+ Kh7 37. Qb5 Qe4+ 38. Kg1 Qe6 39. b3 h5 40. h4 Qe1+ 41. Kg2 Qe4+ 42. Kg1 f4 43. Qxh5+ Kg8 44. gxf4 g6 45. Qg5 Kf7 46. Qe5 Qb1+ 47. Kg2 Qxb3 48. Qc7+ Kf6 49. Qc6+ Kf5 50. Qc8+ Kxf4 51. Qf8+ Ke5 52. Qg7+ Kf5 53. Qf8+ Ke5 54. Qg7+ Kf5 55. Qf7+ Qxf7 0-1

[Event "Titled Tuesday intern op 09th Feb"]
[Site "Chess.com INT"]
[Date "2021.02.09"]
[Round "7"]
[White "Manukyan, Artyom"]
[Black "Playa, Marcelo"]
[Result "1-0"]
[WhiteElo "2148"]
[BlackElo "2376"]
[PlyCount "55"]
[EventDate "2021.02.09"]
[EventType "swiss (blitz)"]
[EventRounds "11"]
[EventCountry "USA"]
[SourceTitle "EXT 2022"]
[Source "ChessBase"]
[SourceDate "2021.10.06"]
[SourceVersion "1"]
[SourceVersionDate "2021.10.06"]
[SourceQuality "1"]

1. e4 e6 2. d4 d5 3. Bd3 c5 4. c3 Nc6 5. Nf3 cxd4 6. exd5 exd5 7. cxd4 Bd6 8. 0-0 Nge7 9. Nc3 0-0 10. h3 Bf5 11. Bxf5 Nxf5 12. Nxd5 Bb8 13. Ne3 Nfxd4 14. Nxd4 Nxd4 15. b3 Qd6 16. g3 Rd8 17. Bb2 Nc6 18. Qg4 Qg6 19. Rad1 Bc7 20. Nf5 Qxg4 21. hxg4 g6 22. Nh6+ Kf8 23. g5 Be5 24. Ba3+ Kg7 25. Ng4 f5 26. Nxe5 Nxe5 27. Bb2 Rxd1 28. Rxd1 1-0

[Event "Titled Tuesday intern op 09th Feb"]
[Site "Chess.com INT"]
[Date "2021.02.09"]
[Round "9"]
[White "Playa, Marcelo"]
[Black "Carroll, Peter"]
[Result "1-0"]
[WhiteElo "2376"]
[BlackElo "2059"]
[PlyCount "57"]
[EventDate "2021.02.09"]
[EventType "swiss (blitz)"]
[EventRounds "11"]
[EventCountry "USA"]
[SourceTitle "EXT 2022"]
[Source "ChessBase"]
[SourceDate "2021.10.06"]
[SourceVersion "1"]
[SourceVersionDate "2021.10.06"]
[SourceQuality "1"]

1. e4 e5 2. Nf3 Nf6 3. Nxe5 Nc6 4. Nxf7 Kxf7 5. Nc3 Bb4 6. Bc4+ Kf8 7. d3 d5 8. exd5 Ne5 9. 0-0 Nxc4 10. dxc4 Bxc3 11. bxc3 Bg4 12. Ba3+ Kf7 13. f3 Bh5 14. Rb1 b6 15. Qd4 Re8 16. Rfe1 c5 17. dxc6 Qc7 18. c5 Rad8 19. Qc4+ Nd5 20. Rxe8 Kxe8 21. cxb6 axb6 22. Re1+ Kf7 23. Rd1 b5 24. Qxb5 Qe5 25. Qc5 Ra8 26. c4 Qe3+ 27. Qxe3 Nxe3 28. Rd7+ Kf6 29. c7 1-0

[Event "Titled Tuesday intern op 09th Feb"]
[Site "Chess.com INT"]
[Date "2021.02.09"]
[Round "8"]
[White "Simonovic, Miroslav"]
[Black "Playa, Marcelo"]
[Result "1-0"]
[WhiteElo "2119"]
[BlackElo "2376"]
[PlyCount "119"]
[EventDate "2021.02.09"]
[EventType "swiss (blitz)"]
[EventRounds "11"]
[EventCountry "USA"]
[SourceTitle "EXT 2022"]
[Source "ChessBase"]
[SourceDate "2021.10.06"]
[SourceVersion "1"]
[SourceVersionDate "2021.10.06"]
[SourceQuality "1"]

1. d4 e6 2. h4 c5 3. Bg5 f6 4. Be3 cxd4 5. Bxd4 Nc6 6. Bc3 d5 7. e3 Bb4 8. a3 Bxc3+ 9. Nxc3 Nge7 10. Qh5+ g6 11. Qh6 Nf5 12. Qf4 0-0 13. 0-0-0 Qd6 14. Qxd6 Nxd6 15. f3 Bd7 16. Nge2 Nf5 17. e4 Ne3 18. Rd3 Nxf1 19. Rxf1 Ne5 20. Rd4 Nc6 21. Rdd1 Rfe8 22. exd5 exd5 23. Nd4 Rad8 24. Nxd5 Nxd4 25. Rxd4 Be6 26. Nxf6+ Kf7 27. Rxd8 Rxd8 28. Nxh7 Bf5 29. Ng5+ Kf6 30. Ne4+ Ke5 31. g4 Bc8 32. h5 gxh5 33. gxh5 Rh8 34. Rg1 Rxh5 35. Rg5+ Rxg5 36. Nxg5 Kf4 37. Nf7 b6 38. Nd6 Bd7 39. Kd2 Kxf3 40. Kd3 Kf4 41. Kd4 Kg5 42. Kd5 Kf6 43. c4 Ke7 44. Nb5 a5 45. Nc7 Kd8 46. Ne6+ Kc8 47. Nd4 Be8 48. Kd6 Kb7 49. b3 Bg6 50. b4 Bd3 51. c5 bxc5 52. bxc5 Be4 53. c6+ Kc8 54. Kc5 Bg2 55. Kb6 a4 56. Kb5 Kc7 57. Ne6+ Kd6 58. c7 Kd7 59. Kxa4 Bb7 60. Kb5 1-0

[Event "Titled Tuesday intern op 09th Feb"]
[Site "Chess.com INT"]
[Date "2021.02.09"]
[Round "2"]
[White "Spyropoulos, Nikolaos"]
[Black "Playa, Marcelo"]
[Result "0-1"]
[WhiteElo "2425"]
[BlackElo "2376"]
[PlyCount "100"]
[EventDate "2021.02.09"]
[EventType "swiss (blitz)"]
[EventRounds "11"]
[EventCountry "USA"]
[SourceTitle "EXT 2022"]
[Source "ChessBase"]
[SourceDate "2021.10.06"]
[SourceVersion "1"]
[SourceVersionDate "2021.10.06"]
[SourceQuality "1"]

1. d4 e6 2. Nf3 Nf6 3. Bg5 d5 4. Nbd2 c5 5. e3 Nc6 6. c3 h6 7. Bh4 Be7 8. Bd3 0-0 9. 0-0 b6 10. Ne5 Bb7 11. f4 Nd7 12. Bg3 f5 13. Ndf3 Ndxe5 14. fxe5 a5 15. a4 Ba6 16. Bxa6 Rxa6 17. Ne1 Bg5 18. Qe2 Ra7 19. Nd3 c4 20. Ne1 Qe8 21. Nc2 Be7 22. Kh1 g6 23. Bf4 Kh7 24. g4 Rf7 25. Qg2 Bf8 26. Rf2 g5 27. Bg3 fxg4 28. Rxf7+ Rxf7 29. e4 Qd7 30. Ne3 h5 31. exd5 exd5 32. Nxd5 h4 33. Nf6+ Rxf6 34. exf6 hxg3 35. hxg3 Nd8 36. Qe4+ Kg8 37. Qg6+ Kh8 38. Re1 Nf7 39. Qe4 Nd6 40. Qe5 Qh7+ 41. Kg2 Nf7 42. Kf2 Nxe5 43. dxe5 Qd3 44. e6 Qf3+ 45. Kg1 Qxg3+ 46. Kf1 Qf3+ 47. Kg1 g3 48. Rf1 Bc5+ 49. Rf2 Qxf2+ 50. Kh1 Qh2# 0-1

[Event "Titled Tuesday intern op 02nd Feb"]
[Site "Chess.com INT"]
[Date "2021.02.02"]
[Round "1"]
[White "Munkhgal, Gombosuren"]
[Black "Playa, Marcelo"]
[Result "1-0"]
[WhiteElo "2502"]
[BlackElo "2376"]
[PlyCount "65"]
[EventDate "2021.02.02"]
[EventType "swiss (blitz)"]
[EventRounds "11"]
[EventCountry "USA"]
[SourceTitle "CBM 200 Extra"]
[Source "ChessBase"]
[SourceDate "2021.03.31"]
[SourceVersion "1"]
[SourceVersionDate "2021.03.31"]
[SourceQuality "1"]

1. d4 e6 2. Bf4 Nf6 3. Nf3 d5 4. e3 c5 5. c3 Nc6 6. Nbd2 Be7 7. Bd3 0-0 8. h4 cxd4 9. exd4 Nh5 10. Bxh7+ Kxh7 11. Ng5+ Kg6 12. Qg4 f5 13. Qf3 Bd6 14. g3 Bxf4 15. gxf4 Kh6 16. Rg1 Qf6 17. 0-0-0 Bd7 18. Rg2 g6 19. Rdg1 Be8 20. Qe3 Bf7 21. Ndf3 Rae8 22. Ne5 Nxe5 23. fxe5 f4 24. Qd3 Qf5 25. Nxf7+ Rxf7 26. Rxg6+ Kh7 27. R6g5 Ng7 28. Rxf5 Nxf5 29. Qf3 Kh6 30. Qxf4+ Kh7 31. Qg5 Ng7 32. h5 Rg8 33. Qg6+ 1-0

[Event "Titled Tuesday intern op 02nd Feb"]
[Site "Chess.com INT"]
[Date "2021.02.02"]
[Round "4"]
[White "Pesotskiy, Mikhail"]
[Black "Playa, Marcelo"]
[Result "1-0"]
[WhiteElo "2211"]
[BlackElo "2376"]
[PlyCount "61"]
[EventDate "2021.02.02"]
[EventType "swiss (blitz)"]
[EventRounds "11"]
[EventCountry "USA"]
[SourceTitle "CBM 200 Extra"]
[Source "ChessBase"]
[SourceDate "2021.03.31"]
[SourceVersion "1"]
[SourceVersionDate "2021.03.31"]
[SourceQuality "1"]

1. d4 e6 2. c4 Nf6 3. Nc3 Bb4 4. Qc2 0-0 5. a3 Bxc3+ 6. Qxc3 d5 7. Bg5 c6 8. Nf3 Ne4 9. Bxd8 Nxc3 10. Ba5 Ne4 11. e3 b6 12. Bb4 c5 13. dxc5 bxc5 14. Bd2 Nxd2 15. Nxd2 Ba6 16. Rc1 Nd7 17. cxd5 Bxf1 18. Rxf1 exd5 19. Ke2 c4 20. b3 cxb3 21. Nxb3 Rfc8 22. Nd4 Kf8 23. Nc6 Nb6 24. Rfd1 Rc7 25. Nb4 Rd7 26. Rc5 Rad8 27. Ra5 Rc8 28. Nxd5 Rc2+ 29. Kf3 Nc4 30. Rb5 Nd2+ 31. Rxd2 1-0

[Event "Titled Tuesday intern op 02nd Feb"]
[Site "Chess.com INT"]
[Date "2021.02.02"]
[Round "6"]
[White "Playa, Marcelo"]
[Black "Guevara Sanchez, Erick Marvin"]
[Result "0-1"]
[WhiteElo "2376"]
[BlackElo "2173"]
[PlyCount "106"]
[EventDate "2021.02.02"]
[EventType "swiss (blitz)"]
[EventRounds "11"]
[EventCountry "USA"]
[SourceTitle "CBM 200 Extra"]
[Source "ChessBase"]
[SourceDate "2021.03.31"]
[SourceVersion "1"]
[SourceVersionDate "2021.03.31"]
[SourceQuality "1"]

1. e4 c5 2. Nf3 Nc6 3. d4 cxd4 4. Nxd4 e5 5. Nb5 a6 6. Nd6+ Bxd6 7. Qxd6 Qf6 8. Qxf6 Nxf6 9. Nc3 Nb4 10. Bd3 d6 11. Bg5 Nxd3+ 12. cxd3 Be6 13. 0-0-0 Nd7 14. d4 f6 15. Be3 Ke7 16. f4 Bg4 17. Rd2 Rhd8 18. Rf1 Be6 19. fxe5 dxe5 20. d5 Bf7 21. Na4 b5 22. Nc5 Rdc8 23. b4 Nb6 24. d6+ Kd8 25. Kb1 Nc4 26. Rd3 Rc6 27. Rfd1 Ra7 28. Ne6+ Bxe6 29. Bxa7 Kd7 30. Bc5 f5 31. Rg3 g6 32. exf5 Bxf5+ 33. Kc1 a5 34. a3 axb4 35. axb4 Ra6 36. Rdd3 Ra1+ 37. Kc2 Ra2+ 38. Kb3 Ra3+ 39. Kc2 Rxd3 40. Rxd3 Bxd3+ 41. Kxd3 Nxd6 42. Ke3 Ke6 43. g3 Kd5 44. Kf3 Ne4 45. Bf8 Nd2+ 46. Ke3 Nc4+ 47. Kd3 e4+ 48. Ke2 Ne5 49. Be7 Nc6 50. Bf8 Kc4 51. Ke3 Nxb4 52. Kxe4 Nd5 53. Ke5 b4 0-1

[Event "Titled Tuesday intern op 02nd Feb"]
[Site "Chess.com INT"]
[Date "2021.02.02"]
[Round "3"]
[White "Playa, Marcelo"]
[Black "Muzzi, Eduardo"]
[Result "1-0"]
[WhiteElo "2376"]
[BlackElo "1931"]
[PlyCount "65"]
[EventDate "2021.02.02"]
[EventType "swiss (blitz)"]
[EventRounds "11"]
[EventCountry "USA"]
[SourceTitle "CBM 200 Extra"]
[Source "ChessBase"]
[SourceDate "2021.03.31"]
[SourceVersion "1"]
[SourceVersionDate "2021.03.31"]
[SourceQuality "1"]

1. e4 e6 2. d4 d5 3. Nc3 Bb4 4. e5 c5 5. a3 Bxc3+ 6. bxc3 Qc7 7. Qg4 f5 8. exf6 Nxf6 9. Qg3 Qxg3 10. hxg3 Nc6 11. Nf3 Bd7 12. Bf4 Ne4 13. dxc5 Nxc3 14. Bd3 0-0-0 15. Ne5 Be8 16. Nxc6 Bxc6 17. Be5 d4 18. Bxg7 Rhg8 19. Bf6 Rd7 20. Rxh7 Bxg2 21. Rxd7 Kxd7 22. Bxd4 Nd5 23. 0-0-0 Bf3 24. Bb5+ Kc8 25. Rd2 Be4 26. Be5 Bf5 27. c4 Nc7 28. Bd7+ Kb8 29. c6 b6 30. f3 Bg6 31. Bxe6 Re8 32. f4 Rxe6 33. Rd8# 1-0

[Event "Titled Tuesday intern op 02nd Feb"]
[Site "Chess.com INT"]
[Date "2021.02.02"]
[Round "5"]
[White "Rodchenkov, Sergey D"]
[Black "Playa, Marcelo"]
[Result "1-0"]
[WhiteElo "2346"]
[BlackElo "2376"]
[PlyCount "59"]
[EventDate "2021.02.02"]
[EventType "swiss (blitz)"]
[EventRounds "11"]
[EventCountry "USA"]
[SourceTitle "CBM 200 Extra"]
[Source "ChessBase"]
[SourceDate "2021.03.31"]
[SourceVersion "1"]
[SourceVersionDate "2021.03.31"]
[SourceQuality "1"]

1. e4 e6 2. d4 d5 3. Nd2 c5 4. Ngf3 Nc6 5. exd5 exd5 6. Bb5 Bd6 7. 0-0 Nge7 8. dxc5 Bxc5 9. Nb3 Bb6 10. c3 0-0 11. Re1 Bg4 12. Be3 Bxe3 13. Rxe3 Qd6 14. Be2 Rad8 15. h3 Bc8 16. Nfd4 Nxd4 17. Nxd4 a6 18. Bf3 Nf5 19. Nxf5 Bxf5 20. Qd4 Be6 21. Rae1 h6 22. Re5 b5 23. a3 Qc7 24. Rd1 Rfe8 25. Re3 Qc4 26. Qd2 Rd7 27. Rd3 Red8 28. Rd4 Qb3 29. Re1 a5 30. Bd1 1-0

[Event "Titled Tuesday intern op 26th Jan"]
[Site "Chess.com INT"]
[Date "2021.01.26"]
[Round "6"]
[White "Playa, Marcelo"]
[Black "Gallo Garcia, Kemel Antonio"]
[Result "0-1"]
[WhiteElo "2376"]
[BlackElo "2328"]
[PlyCount "84"]
[EventDate "2021.01.26"]
[EventType "swiss (blitz)"]
[EventRounds "11"]
[EventCountry "USA"]
[SourceTitle "CBM 200 Extra"]
[Source "ChessBase"]
[SourceDate "2021.03.31"]
[SourceVersion "1"]
[SourceVersionDate "2021.03.31"]
[SourceQuality "1"]

1. e4 e5 2. Nf3 Nc6 3. d4 exd4 4. Bc4 Nf6 5. Ng5 Ne5 6. Qxd4 d6 7. Bb3 h6 8. f4 hxg5 9. fxe5 dxe5 10. Bxf7+ Kxf7 11. Qxd8 Bb4+ 12. Qd2 Bxd2+ 13. Nxd2 g4 14. 0-0 Be6 15. Nb3 Bxb3 16. axb3 Ke6 17. Ra4 a6 18. Bg5 Rad8 19. Bxf6 gxf6 20. Rc4 c6 21. Rc3 Rd2 22. Rg3 Rxc2 23. Rxg4 Rxb2 24. Rg6 Rf8 25. h4 Rxb3 26. h5 Re3 27. h6 Rxe4 28. g4 Rf4 29. Rxf4 exf4 30. g5 Kf5 31. Rg7 fxg5 32. h7 Rh8 33. Rxb7 Kg6 34. Rb6 Rxh7 35. Rxc6+ Kh5 36. Rxa6 Kg4 37. Kg2 Rc7 38. Ra2 Rc4 39. Rb2 Kh4 40. Rb8 Rc2+ 41. Kf3 Rc3+ 42. Ke4 f3 0-1

[Event "Titled Tuesday intern op 19th Jan"]
[Site "Chess.com INT"]
[Date "2021.01.19"]
[Round "7"]
[White "Playa, Marcelo"]
[Black "Peiris, TSS"]
[Result "0-1"]
[WhiteElo "2376"]
[BlackElo "1856"]
[PlyCount "74"]
[EventDate "2021.01.19"]
[EventType "swiss (blitz)"]
[EventRounds "11"]
[EventCountry "USA"]
[SourceTitle "CBM 200 Extra"]
[Source "ChessBase"]
[SourceDate "2021.03.31"]
[SourceVersion "1"]
[SourceVersionDate "2021.03.31"]
[SourceQuality "1"]

1. e4 c5 2. Nf3 Nc6 3. d4 cxd4 4. Nxd4 Nf6 5. Nc3 e5 6. Ndb5 d6 7. Bg5 a6 8. Na3 b5 9. Nd5 Be7 10. Nxe7 Qxe7 11. Bd3 h6 12. Bh4 Be6 13. Qd2 0-0 14. 0-0 g5 15. Bg3 d5 16. exd5 Nxd5 17. c4 Nf4 18. cxb5 Nb4 19. Bxf4 exf4 20. Be4 Rad8 21. Qc3 Bxa2 22. Rfe1 Be6 23. b6 Rc8 24. Qe5 Rc5 25. Qd4 Nc6 26. Qa4 Ne5 27. Qxa6 f5 28. Bd3 f3 29. Bc4 fxg2 30. Bxe6+ Qxe6 31. Qe2 Re8 32. Nc2 Rxc2 33. Qxc2 Nf3+ 34. Kxg2 Nxe1+ 35. Rxe1 Qxe1 36. Qc6 Qe4+ 37. Qxe4 Rxe4 0-1

[Event "Titled Tuesday intern op 19th Jan"]
[Site "Chess.com INT"]
[Date "2021.01.19"]
[Round "9"]
[White "Playa, Marcelo"]
[Black "Schill, William"]
[Result "1-0"]
[WhiteElo "2376"]
[BlackElo "2147"]
[PlyCount "79"]
[EventDate "2021.01.19"]
[EventType "swiss (blitz)"]
[EventRounds "11"]
[EventCountry "USA"]
[SourceTitle "CBM 200 Extra"]
[Source "ChessBase"]
[SourceDate "2021.03.31"]
[SourceVersion "1"]
[SourceVersionDate "2021.03.31"]
[SourceQuality "1"]

1. e4 c5 2. Nf3 Nc6 3. d4 cxd4 4. Nxd4 e5 5. Nb5 d6 6. N1c3 a6 7. Na3 Be7 8. Be3 b5 9. Nd5 Rb8 10. Qd2 Nf6 11. Nxf6+ Bxf6 12. 0-0-0 Be7 13. f4 0-0 14. fxe5 Nxe5 15. Kb1 Be6 16. c3 Qa5 17. c4 b4 18. Bd4 Rfc8 19. c5 Nc6 20. cxd6 Bxd6 21. Nc4 Bxc4 22. Bxc4 Nxd4 23. Qxd4 Be5 24. Qd5 Qxd5 25. Bxd5 Kf8 26. Rhf1 f6 27. g3 a5 28. Rf3 a4 29. Rfd3 a3 30. b3 Rc7 31. Bc4 Ke7 32. h4 Rbc8 33. g4 h6 34. Rd5 Rb8 35. g5 hxg5 36. hxg5 Rxc4 37. bxc4 b3 38. axb3 Rxb3+ 39. Ka2 Re3 40. gxf6+ 1-0